000 00342nam a22001217a 4500
082 _a338.91724
_bBUI
_cD
245 _aBuilding materials industry
_cUnited Nations
260 _aWashington
_bThe world bank
_c1969
300 _aix, 77 p. :
_bill, ;
_c20 cm.
526 _a0
_b0
_c0
_d338_917240000000000_BUI
650 _aMCE
_9379
942 _2ddc
_cBK
999 _c542224
_d542224